LDR 01088nam a2200205 i 4500 001 000000010835 003 CaOOAMICUS 005 20260317140957.0 008 180830s2003 be u000 u lat u 040 $aSeMil$bita 100 1 $aBorfoni, Folchino,$d
.$0(OLS)http://semarc/name/5235 245 10$aFolchini de Borfonibus Opera omnia. 260 $aTurnhout :$bBrepols,$c2003- 300 $av. ;$c26 cm. 774 0 $aBorfoni, Folchino
$t1: Folchini de Borfonibus Cremonina.$dTurnhout : Brepols, 2003.$kCorpus Christianorum. Continuatio Mediaevalis$z2-503-05019-0$g1$w()122008 774 0 $aBorfoni, Folchino
$t2: Folchini de Borfonibus Divisiones, Memorialia.$dTurnhout : Brepols, 2025.$kCorpus Christianorum. Continuatio Mediaevalis$z2-503-05019-0$z978-2-503-60977-5$g2$w()366887 830 0$aCorpus Christianorum. Continuatio Mediaevalis.$0(OLS)http://semarc/title/35 996 $6245$aFolchini de Borfonibus Opera omnia$9(OLS)http://semarc/title/14302 996 $6260$aTurnhout :$bBrepols$9(OLS)http://semarc/publisher/29626